000 01685nam a2200433 i 4500
001 38470
003 KOSZ 005
005 20240405063123.0
008 991021s1999 pl a |100 0 pol
015 _aPB 1999/16885
020 _a8387270741
040 _aWA N
_cWA N
_dKOSZ 005/HR
041 0 _apol
_beng
046 _k1999
080 _a339.166(438)
080 _a339.13(438)
080 _a621.31(438)
080 _a(06)
245 0 0 _aRynek energii elektrycznej :
_brozwój rynku energii elektrycznej w Polsce a rynek europejski : materiały VI konferencji naukowo-technicznej REE'99, Kazimierz Dolny 27-28 kwietnia 1999 r.
_nT. 1,
_pReferaty generalne i referaty zamówione /
_c[oprac. red. Zbigniew Połecki] ; Katedra Elektrowni i Gospodarki Energetycznej Politechniki Lubelskiej.
260 _a[Lublin] :
_bWydawnictwa Uczelniane PL,
_ccop. 1999.
300 _a113 s. :
_bwykr. ;
_c24 cm.
380 _aKsiążki
388 _a1901-2000
388 _a1989-2000
504 _aBibliogr. przy ref.
546 _aStreszcz. ang. przy ref.
610 2 7 _aUnia Europejska (UE)
648 7 _a1901-2000
648 7 _a1989-2000
650 4 _aElektroenergetyka
650 4 _aRynek energii elektrycznej
651 4 _aPolska
655 4 _aMateriały konferencyjne
658 _aGospodarka, ekonomia, finanse
700 1 _aPołecki, Zbigniew
_d(1954- )
_eOpracowanie
710 2 _aKatedra Elektrowni i Gospodarki Energetycznej (Politechnika Lubelska)
856 _uhttp://koha.tu.koszalin.pl/cgi-bin/koha/opac-detail.pl?biblionumber=38470
_yKatalog online BPK
942 _2UKD
_cKS
999 _c38470
_d38470